000 00462nam a2200169Ia 4500
008 140626s9999 xx 000 0 und d
100 _aMey, See Ching.
245 _aArt and low functioning children with Autism /
_cSee Ching Mey.
260 _cc2011.
300 _a4 : 1, page 56
440 _aJournal of Counselling
521 _aPSYCH
650 _aArt theraphy.
650 _aAutism Spectrum Disorder.
650 _aTreatment methods.
942 _cSE
999 _c121363
_d121363